[Event "Mondiale Lampo FIDE 2022"]
[Site "Alma Ata"]
[Date "30.12.2022"]
[Round "20.84"]
[White "Amangeldy, Ernur"]
[Black "Haldorsen, Benjamin"]
[Result "0-1"]
[BlackTitle ""]
[WhiteElo "2097"]
[BlackElo "2449"]
[WhiteFideId "13720244"]
[BlackFideId "1512633"]
[EventDate "29.12.2022"]

1. d4 Nf6 2. c4 c5 3. d5 e6 4. Nc3 exd5 5. cxd5 d6 6. Nf3 g6 7. Nd2 Bg7 8. e4
O-O 9. Be2 Ne8 10. O-O Na6 11. Re1 f5 12. exf5 Bxf5 13. Nc4 Rb8 14. Ne3 Bd7 15.
Bd2 Nac7 16. a4 a6 17. a5 Nb5 18. Nxb5 axb5 19. Rb1 b4 20. Bg4 Bxg4 21. Qxg4
Qxa5 22. Qe6+ Kh8 23. Nc4 Qd8 24. Qe7 b5 25. Qxd8 Rxd8 26. Na5 Nc7 27. Nc6 Rd7
28. b3 Nxd5 29. g3 Nc3 30. Rbc1 Rc7 31. Ne7 Rf7 32. Bxc3 Bxc3 33. Nd5 Bxe1 0-1

[Event "Mondiale Lampo FIDE 2022"]
[Site "Alma Ata"]
[Date "30.12.2022"]
[Round "20.85"]
[White "Elier, Ali"]
[Black "Shishkov, Andrei"]
[Result "1/2-1/2"]
[BlackTitle ""]
[WhiteElo "2165"]
[BlackElo "2340"]
[WhiteFideId "16217543"]
[BlackFideId "4500563"]
[EventDate "29.12.2022"]

1. e4 d5 2. exd5 Nf6 3. c4 e6 4. dxe6 Bxe6 5. d4 Bb4+ 6. Nc3 Ne4 7. Qb3 Qxd4 8.
Be3 Bxc3+ 9. bxc3 Qxc3+ 10. Qxc3 Nxc3 11. Bd4 Ne4 12. Bxg7 Rg8 13. Be5 Nd7 14.
Bxc7 Rc8 15. Bf4 Bxc4 16. Nf3 Bxf1 17. Kxf1 Rc2 18. Be3 Ndf6 19. Bd4 Ng4 20. Re1
f5 21. Re2 Rc1+ 22. Ne1 Rd1 23. Bxa7 Kf7 24. f3 Nd2+ 25. Kg1 Nf6 26. Kf2 Nd5 27.
g3 Nc3 28. Re5 Kf6 29. Rc5 Nxa2 30. Ke2 Ra1 31. Kxd2 Rd8+ 32. Kc2 Nb4+ 33. Kb3
Nd3 34. Nxd3 Rxh1 35. Nf4 Rxh2 36. Bb6 Rd6 37. Rb5 Rh1 38. Kc2 Rc6+ 39. Kd2 Rh2+
40. Ke3 Rc3+ 41. Nd3 Ra3 42. Bd4+ Kg6 43. Rb6+ Kf7 44. Rxb7+ Ke6 45. Rb6+ Kd5
46. Rb5+ Kd6 47. Bc5+ Kc6 48. Rb6+ Kc7 49. Rf6 Rc3 50. Rxf5 Rh1 51. Kd4 Rc2 52.
Rf7+ Kc8 53. Kd5 Rd1 54. Kc6 Rxd3 55. Rxh7 1/2-1/2

[Event "Mondiale Lampo FIDE 2022"]
[Site "Alma Ata"]
[Date "30.12.2022"]
[Round "20.86"]
[White "Suleymenov, Alisher"]
[Black "Everett, Elijah"]
[Result "1-0"]
[WhiteTitle ""]
[WhiteElo "2476"]
[BlackElo "2202"]
[WhiteFideId "13707833"]
[BlackFideId "12973696"]
[EventDate "29.12.2022"]

1. d4 Nf6 2. c4 g6 3. Nc3 Bg7 4. e4 d6 5. h3 O-O 6. Be3 Na6 7. g4 e5 8. d5 Nc5
9. f3 c6 10. Qd2 cxd5 11. cxd5 Bd7 12. Nge2 a5 13. Ng3 Ne8 14. h4 Nc7 15. h5 Bh8
16. Bh6 Re8 17. hxg6 fxg6 18. Bg5 Bf6 19. Qh2 h5 20. gxh5 Bxg5 21. hxg6 Qf6 22.
Qh7+ Kf8 23. Nh5 1-0

[Event "Mondiale Lampo FIDE 2022"]
[Site "Alma Ata"]
[Date "30.12.2022"]
[Round "20.87"]
[White "Uruci, Endrit"]
[Black "Nissinen, Niilo Man"]
[Result "0-1"]
[WhiteTitle ""]
[BlackTitle ""]
[WhiteElo "2297"]
[BlackElo "1996"]
[WhiteFideId "22100199"]
[BlackFideId "30950767"]
[EventDate "29.12.2022"]

1. b3 b6 2. Bb2 Nf6 3. e3 Bb7 4. c4 e6 5. d4 Be7 6. Nc3 d5 7. Nf3 O-O 8. Be2 c5
9. O-O dxc4 10. Bxc4 Nc6 11. d5 exd5 12. Nxd5 Nxd5 13. Bxd5 Bf6 14. Bxf6 Qxf6
15. e4 Rad8 16. Qb1 Ba6 17. Re1 Nb4 18. e5 Qf4 19. Be4 h6 20. g3 Qg4 21. Kg2 Nd5
22. Bxd5 Rxd5 23. h3 Qd7 24. Nh4 Bb7 25. Kh2 Rd2 26. Rf1 Qd5 27. Qf5 Bc8 28. Qf4
Rd4 29. Qe3 Bb7 30. Rae1 Rxh4 31. f3 Rd4 32. Rf2 Rd3 33. Qf4 Rd8 34. e6 fxe6 35.
Qg4 Rd2 36. Ree2 Rxe2 37. Rxe2 Qxf3 38. Qxe6+ Kh8 39. g4 Qf4+ 40. Kg1 Rd1+ 41.
Re1 Qg3+ 0-1

[Event "Mondiale Lampo FIDE 2022"]
[Site "Alma Ata"]
[Date "30.12.2022"]
[Round "21.2"]
[White "Duda, Jan-Krzysztof"]
[Black "Sarana, Alexey"]
[Result "0-1"]
[WhiteTitle ""]
[BlackTitle ""]
[WhiteElo "2729"]
[BlackElo "2668"]
[WhiteFideId "1170546"]
[BlackFideId "24133795"]
[EventDate "29.12.2022"]

1. e4 c5 2. Nf3 d6 3. d4 Nf6 4. Nc3 cxd4 5. Nxd4 a6 6. g3 e5 7. Nb3 Be7 8. Bg5
Be6 9. Bxf6 Bxf6 10. Qd3 O-O 11. O-O-O Qb6 12. f3 Nc6 13. Kb1 Rfd8 14. Nd5 Bxd5
15. Qxd5 Ne7 16. Qa5 Qc6 17. Bd3 b5 18. h4 Rac8 19. g4 Ng6 20. g5 Be7 21. c3 Nf4
22. Nc1 f6 23. gxf6 Bxf6 24. Bc2 Kh8 25. Nd3 Nxd3 26. Rxd3 Be7 27. h5 Rf8 28.
Bb3 Bd8 29. Qa3 Be7 30. Bd5 Qb6 31. Qb3 Rf6 32. Be6 Rcf8 33. Bg4 Bd8 34. Rhd1
Bc7 35. a3 Qc6 36. Ka2 Qc5 37. Rd5 Qc6 38. R1d3 Rb8 39. Qd1 Qe8 40. Rd2 Qc6 41.
Rh2 Qe8 42. Qb3 Qc6 43. Bf5 Rbf8 44. Rd1 Bb6 45. Rg2 Qc7 46. Qd5 Be3 47. Rd3 Bb6
48. Rg4 Rh6 49. Rd2 Rhf6 50. Rdg2 R8f7 51. Qa8+ Rf8 52. Qd5 R8f7 53. Ka1 Ba7 54.
Be6 Re7 55. Bf5 Ref7 56. Qb3 Re7 57. Qd1 Ref7 58. Qb3 Re7 59. a4 Qb7 60. Ka2 Bc5
61. Rd2 Rh6 62. Qd5 Qxd5+ 63. Rxd5 bxa4 64. Rg5 Rb7 65. Rd1 Rf6 66. Rg2 Rh6 67.
Bg4 Rf6 68. Ra1 a5 69. Rd1 Rb6 70. Rd3 Rb7 71. Bh3 Rh6 72. Bg4 Rf6 73. Rgd2 Kg8
74. Rh2 Kf8 75. Rg2 Ke8 76. Rc2 Kd8 77. Rg2 Ke8 78. Rd5 Rh6 79. Rh2 Ke7 80. Rc2
Kf6 81. Rc1 g6 82. hxg6 Rh2 83. Rb1 a3 84. gxh7 Rbxh7 85. Rdd1 Rb7 86. Rh1
Rbxb2+ 87. Rxb2 Rxb2+ 88. Ka1 Kg5 89. Rb1 Rc2 90. Be6 Rxc3 91. Rb3 Rc2 92. Rd3
Rf2 93. Kb1 Kf4 94. Bd5 Rb2+ 95. Ka1 a4 96. Be6 Kg3 97. Bd5 Kf2 98. Bc4 Bd4 99.
Ba6 Rb6+ 100. Ka2 Rxa6 101. f4 Ke2 0-1

[Event "Mondiale Lampo FIDE 2022"]
[Site "Alma Ata"]
[Date "30.12.2022"]
[Round "21.6"]
[White "Rapport, Richard"]
[Black "Artemiev, Vladislav"]
[Result "1-0"]
[WhiteTitle ""]
[BlackTitle ""]
[WhiteElo "2740"]
[BlackElo "2701"]
[WhiteFideId "738590"]
[BlackFideId "24101605"]
[EventDate "29.12.2022"]

1. e4 e5 2. Bc4 Nf6 3. d3 Bc5 4. Nc3 c6 5. Nf3 d6 6. Bb3 O-O 7. h3 Bb6 8. O-O
Nbd7 9. Ne2 Nc5 10. Ng3 a5 11. Be3 Re8 12. Re1 a4 13. Bc4 Be6 14. b4 axb3 15.
axb3 Rxa1 16. Qxa1 h6 17. b4 Ncd7 18. Bxe6 Rxe6 19. d4 Re8 20. dxe5 dxe5 21. c4
Bxe3 22. Rxe3 Qb6 23. Qa3 g6 24. Rd3 Qc7 25. c5 b6 26. Rd6 bxc5 27. bxc5 Kg7 28.
Nh4 Qb8 29. Qe3 Kh7 30. Nhf5 g5 31. h4 Qb1+ 32. Nf1 Ra8 33. hxg5 Ra1 34. Ng3 Ng4
35. Qf3 1-0

[Event "Mondiale Lampo FIDE 2022"]
[Site "Alma Ata"]
[Date "30.12.2022"]
[Round "21.7"]
[White "Giri, Anish"]
[Black "Esipenko, Andrey"]
[Result "1-0"]
[WhiteTitle ""]
[BlackTitle ""]
[WhiteElo "2764"]
[BlackElo "2678"]
[WhiteFideId "24116068"]
[BlackFideId "24175439"]
[EventDate "29.12.2022"]

1. d4 Nf6 2. c4 e6 3. Nf3 d5 4. Nc3 c6 5. e3 Nbd7 6. Qc2 Bd6 7. Bd3 O-O 8. O-O
dxc4 9. Bxc4 a6 10. Rd1 b5 11. Bd3 Qc7 12. Ne4 Nxe4 13. Bxe4 Nf6 14. Bd3 c5 15.
dxc5 Qxc5 16. Qxc5 Bxc5 17. b3 Bb7 18. Bb2 Rfd8 19. Rac1 Bd6 20. Kf1 h6 21. h3
Nd5 22. a3 Rac8 23. Ke2 Kf8 24. g4 Nf6 25. Bb1 Rxc1 26. Rxc1 Bd5 27. Nd2 Nd7 28.
Be4 Nb6 29. Bxd5 Nxd5 30. Rc6 a5 31. Ne4 Be7 32. Ra6 Rc8 33. Kd1 b4 34. Rxa5 f5
35. gxf5 bxa3 36. Bxa3 Bxa3 37. Rxa3 exf5 38. Ng3 f4 39. exf4 Nxf4 40. h4 Rd8+
41. Kc2 Rd3 42. Ra8+ Ke7 43. Ra7+ Ke6 44. Ne2 Rd7 45. Nxf4+ 1-0

[Event "Mondiale Lampo FIDE 2022"]
[Site "Alma Ata"]
[Date "30.12.2022"]
[Round "21.8"]
[White "Vachier-Lagrave, Maxime"]
[Black "Fedoseev, Vladimir3"]
[Result "0-1"]
[WhiteTitle ""]
[BlackTitle ""]
[WhiteElo "2737"]
[BlackElo "2688"]
[WhiteFideId "623539"]
[BlackFideId "24130737"]
[EventDate "29.12.2022"]

1. e4 e5 2. Nf3 Nf6 3. Nxe5 d6 4. Nd3 Nxe4 5. Nf4 d5 6. d4 Nc6 7. c3 Nf6 8. Bd3
Bd6 9. O-O O-O 10. Nh5 Ng4 11. g3 g6 12. Nf4 Nf6 13. Ng2 Nh5 14. Nd2 Ne7 15. Re1
f6 16. c4 c6 17. Nf3 Rf7 18. Ne3 Ng7 19. Bd2 Be6 20. Rc1 dxc4 21. Bxc4 Bxc4 22.
Nxc4 Nd5 23. Qb3 Bf8 24. Nh4 a5 25. a4 Bb4 26. Rcd1 Qf8 27. Ne3 Bxd2 28. Rxd2
Qb4 29. Qd1 Rd8 30. Nxd5 Rxd5 31. Ng2 Rfd7 32. Re4 Nf5 33. Nf4 Rxd4 34. Rdxd4
Rxd4 35. Re8+ Kf7 36. Qe2 Qc4 37. Qe1 Rd1 38. Qxd1 Kxe8 39. Qe1+ Kd7 40. Qxa5
Qc1+ 41. Kg2 Qxb2 42. Qa8 Ne3+ 43. Kh3 Nd1 44. Nd3 Nxf2+ 45. Nxf2 Qxf2 46. Qxb7+
Kd6 47. Qb8+ Kd5 48. Qb3+ Kd6 49. Qd1+ Kc7 50. Qa1 h5 51. a5 g5 52. Qh1 Qf5+ 0-1

[Event "Mondiale Lampo FIDE 2022"]
[Site "Alma Ata"]
[Date "30.12.2022"]
[Round "21.9"]
[White "Yu, Yangyi"]
[Black "Andreikin, Dmitry"]
[Result "0-1"]
[WhiteTitle ""]
[BlackTitle ""]
[WhiteElo "2728"]
[BlackElo "2729"]
[WhiteFideId "8603820"]
[BlackFideId "4158814"]
[EventDate "29.12.2022"]

1. d4 d5 2. c4 e6 3. Nf3 Nf6 4. Nc3 a6 5. c5 b6 6. cxb6 c5 7. e3 Nbd7 8. Bd3
Nxb6 9. O-O Be7 10. b3 O-O 11. Ba3 cxd4 12. Bxe7 Qxe7 13. exd4 Bd7 14. Rc1 Rfc8
15. Ne5 Qb4 16. Nxd7 Nfxd7 17. Ne2 a5 18. Qe1 Rxc1 19. Qxc1 a4 20. Qc3 Qxc3 21.
Nxc3 axb3 22. axb3 Kf8 23. Bb5 Ke7 24. Rb1 Nf6 25. Na4 Ra5 26. Bc6 Kd6 27. Rc1
Nfd7 28. Kf1 Ra7 29. Bb5 Nxa4 30. Rc6+ Ke7 31. bxa4 Nf6 32. Ke2 Ne4 33. f3 Nd6
34. Kd3 Nxb5 35. axb5 Kd7 36. Kc3 Ra4 37. Rc5 Ra3+ 38. Kb4 Rd3 39. b6 Rxd4+ 40.
Kb5 Rc4 41. Rxc4 dxc4 42. Kxc4 Kc6 43. Kd4 Kxb6 44. Ke5 Kc6 45. f4 Kd7 46. Ke4
Kd6 47. Kd4 f6 48. Ke4 e5 49. fxe5+ fxe5 50. Ke3 Kd5 51. Kd3 e4+ 52. Ke3 Ke5 53.
Ke2 Kd4 54. Kd2 e3+ 55. Ke2 Ke5 0-1

[Event "Mondiale Lampo FIDE 2022"]
[Site "Alma Ata"]
[Date "30.12.2022"]
[Round "21.10"]
[White "Salem, A.R. Saleh"]
[Black "Grischuk, Alexander"]
[Result "1-0"]
[WhiteTitle ""]
[BlackTitle ""]
[WhiteElo "2677"]
[BlackElo "2745"]
[WhiteFideId "9301348"]
[BlackFideId "4126025"]
[EventDate "29.12.2022"]

1. d4 Nf6 2. c4 e6 3. Nc3 Bb4 4. e3 O-O 5. Bd3 d5 6. a3 Bxc3+ 7. bxc3 dxc4 8.
Bxc4 c5 9. Ne2 Qc7 10. Bd3 Nc6 11. f4 b6 12. O-O Bb7 13. Ng3 Ne7 14. e4 cxd4 15.
cxd4 Qc3 16. Ra2 Qxd4+ 17. Kh1 Rfd8 18. Rd2 Qc5 19. Bb2 Ne8 20. Qe2 Rac8 21. h3
f6 22. Rfd1 Kh8 23. Kh2 Ng6 24. Qf3 Qe7 25. Nh5 Rd7 26. Bb1 Rxd2 27. Rxd2 Rd8
28. Qe3 Rxd2 29. Qxd2 Qc7 30. Ba2 Qe7 31. Ng3 Nf8 32. f5 e5 33. Qd3 Nd6 34. Qb3
Ne6 35. Qxe6 Qxe6 36. fxe6 g6 37. Bd5 Bc8 38. a4 Kg7 39. Ba3 Ne8 40. Ne2 Nc7 41.
e7 Bd7 42. Bb3 Be8 43. Bd6 Na6 44. Nc3 Nc5 45. Bxc5 bxc5 46. Nb5 1-0

[Event "Mondiale Lampo FIDE 2022"]
[Site "Alma Ata"]
[Date "30.12.2022"]
[Round "21.12"]
[White "Petrosian, Tigran L."]
[Black "Lazavik, Denis"]
[Result "1/2-1/2"]
[WhiteTitle ""]
[BlackTitle ""]
[WhiteElo "2551"]
[BlackElo "2537"]
[WhiteFideId "13301616"]
[BlackFideId "13515110"]
[EventDate "29.12.2022"]

1. Nf3 d5 2. g3 Nf6 3. Bg2 e6 4. O-O Be7 5. d3 O-O 6. Nbd2 Nc6 7. e4 dxe4 8.
dxe4 e5 9. c3 a5 10. Qc2 Be6 11. Ng5 Bg4 12. Nc4 Bc5 13. Be3 Bxe3 14. Nxe3 h6
15. Nxg4 Nxg4 16. Nf3 Qe7 17. Rad1 Rfd8 18. h3 Nf6 19. Nh4 g6 20. Qb3 a4 21.
Qxb7 Qe6 22. Qxc7 Ne8 23. Qb6 Rdb8 24. Qe3 Rxb2 25. a3 Rb3 26. Qxh6 Rxa3 27. Nf3
Qf6 28. Rd7 Rxc3 29. Ng5 Qg7 30. Qh4 Ra7 31. Rfd1 Qh8 32. Qxh8+ Kxh8 33. Nxf7+
Kg8 34. Nh6+ Kf8 35. Rxa7 Nxa7 36. Rd7 Rc7 37. Rxc7 Nxc7 38. Bf1 a3 39. Bc4 Ke7
40. Ng4 Kd6 41. Ne3 Kc5 42. Ba2 Nab5 43. Nc2 Nc3 44. Bb3 a2 45. Bxa2 Nxa2 46. f4
exf4 47. gxf4 Nc3 48. f5 gxf5 49. exf5 N3d5 50. Kf2 Kd6 51. Kf3 Ke5 52. Ne3 Nxe3 1/2-1/2

[Event "Mondiale Lampo FIDE 2022"]
[Site "Alma Ata"]
[Date "30.12.2022"]
[Round "21.13"]
[White "Vakhidov, Jakhongir"]
[Black "Amin, Bassem"]
[Result "1-0"]
[WhiteTitle ""]
[BlackTitle ""]
[WhiteElo "2607"]
[BlackElo "2682"]
[WhiteFideId "14201801"]
[BlackFideId "10601457"]
[EventDate "29.12.2022"]

1. c4 Nf6 2. Nc3 g6 3. g3 Bg7 4. Bg2 O-O 5. d4 d6 6. Nf3 Nc6 7. d5 Na5 8. b3 c5
9. Bb2 a6 10. a4 Re8 11. O-O e6 12. dxe6 Bxe6 13. Ng5 Bf5 14. e4 Bg4 15. f3 Bd7
16. Ra2 Qb6 17. Nd5 Nxd5 18. Bxg7 Kxg7 19. Qxd5 Be6 20. Nxe6+ fxe6 21. Qd3 Qxb3
22. Qxb3 Nxb3 23. Rb1 Na5 24. Bf1 g5 25. Rb6 Red8 26. Rd2 Kf6 27. Rdxd6 Rxd6 28.
Rxd6 Ke7 29. Rb6 Rd8 30. e5 Rd1 31. Kf2 Rd2+ 32. Kg1 Rd7 33. f4 gxf4 34. gxf4
Rd4 35. Bh3 Rxf4 36. Bxe6 Re4 37. Bd5 Rxe5 38. Rh6 Rg5+ 39. Kf2 Rg7 40. Ke3 Kd7
41. Kd3 Kc7 42. Be4 Rd7+ 43. Kc3 Re7 44. Rxh7 Rxh7 45. Bxh7 Kd6 46. Be4 Ke5 47.
Bg2 Kf4 48. Bh3 Kf3 49. Bc8 Kf4 50. h4 b6 51. Bxa6 Kg4 52. Kd3 Kxh4 53. Ke4 Kg5
54. Ke5 Kg4 55. Kd6 Kf5 56. Kc7 Ke5 57. Kxb6 Nb3 58. a5 Kd6 59. Bb7 Nd2 60. Bd5
Kd7 61. a6 1-0

[Event "Mondiale Lampo FIDE 2022"]
[Site "Alma Ata"]
[Date "30.12.2022"]
[Round "21.14"]
[White "Madaminov, Mukhiddin"]
[Black "Nihal, Sarin"]
[Result "0-1"]
[WhiteTitle ""]
[BlackTitle ""]
[WhiteElo "2438"]
[BlackElo "2670"]
[WhiteFideId "14210703"]
[BlackFideId "25092340"]
[EventDate "29.12.2022"]

1. d4 g6 2. Nc3 Bg7 3. e4 d6 4. f4 Nf6 5. Bd3 Nc6 6. Nf3 Bg4 7. e5 dxe5 8. dxe5
Nd5 9. O-O Nxc3 10. bxc3 O-O 11. Rb1 Rb8 12. Be4 Qxd1 13. Rxd1 f6 14. exf6 Bxf6
15. c4 Rfd8 16. Be3 Rxd1+ 17. Rxd1 Kf7 18. Rb1 Na5 19. Bxa7 Ra8 20. Bf2 Nxc4 21.
Nd4 Nd6 22. Bd5+ e6 23. Bxb7 Rb8 24. h3 Bxd4 25. Bxd4 Bf5 26. Be5 Rxb7 27. Rxb7
Nxb7 28. Bxc7 Bxc2 29. Kf2 Be4 30. g4 Bd5 31. a3 Nc5 32. Ke3 Bg2 33. h4 h5 34.
gxh5 gxh5 35. Bb6 Nd7 36. Bd4 Bc6 37. Bc3 Kg6 38. Kd4 Kf5 39. Bd2 Kg4 40. Be1
Kxf4 0-1

[Event "Mondiale Lampo FIDE 2022"]
[Site "Alma Ata"]
[Date "30.12.2022"]
[Round "21.15"]
[White "Matlakov, Maxim"]
[Black "Sargsyan, Shant"]
[Result "1/2-1/2"]
[WhiteTitle ""]
[BlackTitle ""]
[WhiteElo "2662"]
[BlackElo "2645"]
[WhiteFideId "4168003"]
[BlackFideId "13306766"]
[EventDate "29.12.2022"]

1. d4 Nf6 2. c4 e6 3. g3 d5 4. Bg2 Bb4+ 5. Bd2 Be7 6. Nf3 O-O 7. O-O Nbd7 8. Qc2
c6 9. b4 Ne4 10. Be1 f5 11. a4 Bf6 12. Nc3 Nb6 13. c5 Nc4 14. e3 Bd7 15. Ra2 Be8
16. Nd2 Nexd2 17. Bxd2 1/2-1/2

[Event "Mondiale Lampo FIDE 2022"]
[Site "Alma Ata"]
[Date "30.12.2022"]
[Round "21.16"]
[White "Dardha, Daniel"]
[Black "Kobalia, Mikhail"]
[Result "1-0"]
[WhiteTitle ""]
[BlackTitle ""]
[WhiteElo "2606"]
[BlackElo "2577"]
[WhiteFideId "240990"]
[BlackFideId "4119150"]
[EventDate "29.12.2022"]

1. e4 c5 2. Nf3 e6 3. Bd3 Nc6 4. O-O d5 5. Bb5 Nf6 6. e5 Nd7 7. Bxc6 bxc6 8. d3
a5 9. Re1 Be7 10. c4 O-O 11. Nc3 Nb6 12. Qc2 a4 13. Bf4 dxc4 14. dxc4 Nxc4 15.
Ne4 Nb6 16. Nfg5 g6 17. Nf3 Nd5 18. Bh6 Re8 19. Rad1 Qa5 20. Bg5 Bxg5 21. Nfxg5
Ba6 22. Qc1 Reb8 23. Nf6+ Kg7 24. Nge4 Qb4 25. Ng4 Kf8 26. Qh6+ Ke7 27. Rc1 Bd3
28. Qh4+ Kf8 29. Nxc5 Bf5 30. Qh6+ Ke7 31. Qg5+ Ke8 32. Nf6+ Nxf6 33. exf6 Rb5
34. Qe3 Rd8 35. a3 Qd4 36. h3 Qxe3 37. Rxe3 Rxb2 38. Nxa4 Rc2 39. Rxc2 Bxc2 40.
Nc5 Rd5 41. Rc3 Bd1 42. a4 Be2 43. f3 e5 44. Kf2 Bd1 45. a5 Rd8 46. a6 Rb8 47.
Rd3 Bc2 48. Rd6 Bb3 49. a7 Ra8 50. Nxb3 Rxa7 51. Rxc6 Rb7 52. Nc5 Rb2+ 53. Kg3
Kd8 54. Rd6+ Ke8 55. Rd5 Re2 56. Ne4 1-0

[Event "Mondiale Lampo FIDE 2022"]
[Site "Alma Ata"]
[Date "30.12.2022"]
[Round "21.17"]
[White "Mamedov, Rauf"]
[Black "Anton Guijarro, David"]
[Result "1/2-1/2"]
[WhiteTitle ""]
[BlackTitle ""]
[WhiteElo "2646"]
[BlackElo "2675"]
[WhiteFideId "13401653"]
[BlackFideId "2285525"]
[EventDate "29.12.2022"]

1. e4 e5 2. Nf3 Nc6 3. Bb5 a6 4. Ba4 d6 5. c3 f5 6. exf5 Bxf5 7. d4 e4 8. Nfd2
Nf6 9. Nf1 d5 10. Bg5 Be7 11. Ne3 Be6 12. Nd2 O-O 13. O-O h6 14. Bxf6 Bxf6 15.
Bb3 Bf7 16. Qg4 Ne7 17. f3 Bg5 18. Rae1 exf3 19. Nxf3 Bxe3+ 20. Rxe3 Ng6 21. Bc2
Qd6 22. Ne5 Nxe5 23. Rxe5 Kh8 24. Rfe1 Bg8 25. Re7 Rf7 26. Rxf7 Bxf7 27. h3 Rf8
28. Re5 Bg8 29. b4 b6 30. Qg6 Rf6 31. Qg3 Rf8 32. Qe3 a5 33. a3 axb4 34. axb4
Qf6 35. Bd3 Qd6 36. Re7 Ra8 37. Qe5 Qxe5 38. dxe5 c5 39. bxc5 bxc5 40. e6 g5 41.
Bf5 d4 42. cxd4 cxd4 43. Rd7 Re8 44. e7 Kg7 45. Bg4 Bf7 46. Rxd4 Rxe7 1/2-1/2

[Event "Mondiale Lampo FIDE 2022"]
[Site "Alma Ata"]
[Date "30.12.2022"]
[Round "21.18"]
[White "Yoo, Christopher Woojin"]
[Black "Indjic, Aleksandar"]
[Result "0-1"]
[WhiteTitle ""]
[BlackTitle ""]
[WhiteElo "2575"]
[BlackElo "2636"]
[WhiteFideId "30909694"]
[BlackFideId "911925"]
[EventDate "29.12.2022"]

1. e4 c5 2. Nf3 d6 3. d4 cxd4 4. Nxd4 Nf6 5. Nc3 a6 6. Qe2 g6 7. Bg5 Nbd7 8.
O-O-O e5 9. f4 exd4 10. e5 dxc3 11. exf6+ Ne5 12. fxe5 cxb2+ 13. Kb1 Be6 14. c4
Qa5 15. Qxb2 Qxe5 16. Qxb7 Rc8 17. Bc1 d5 18. Bb2 Rb8 19. Bxe5 Rxb7+ 20. Kc2
dxc4 21. Be2 Bf5+ 22. Kc3 Bb4+ 23. Kxc4 O-O 24. Kd4 Re8 25. Bf3 Rb5 26. Bf4 Bf8
27. Rc1 Rd8+ 28. Ke3 Rb2 29. g4 Rd3# 0-1

[Event "Mondiale Lampo FIDE 2022"]
[Site "Alma Ata"]
[Date "30.12.2022"]
[Round "21.19"]
[White "Moussard, Jules"]
[Black "Pantsulaia, Levan"]
[Result "1-0"]
[WhiteTitle ""]
[BlackTitle ""]
[WhiteElo "2684"]
[BlackElo "2597"]
[WhiteFideId "642908"]
[BlackFideId "13602071"]
[EventDate "29.12.2022"]

1. e4 c6 2. d4 d5 3. e5 Bf5 4. h4 Qb6 5. Nc3 h5 6. a4 e6 7. a5 Qc7 8. Bd2 a6 9.
Na4 Nd7 10. Bd3 Bxd3 11. cxd3 Ne7 12. Nf3 Nf5 13. b4 Be7 14. Nc5 Nxc5 15. bxc5
O-O 16. Bf4 Qd8 17. g3 g6 18. Qd2 Kg7 19. O-O Rh8 20. Rfb1 Ra7 21. Rb4 Qd7 22.
Kg2 Bd8 23. Bg5 Be7 24. Rab1 Rb8 25. Qf4 Qd8 26. Rb6 Qf8 27. Bf6+ Kg8 28. Ng5
Qd8 29. f3 Bxf6 30. exf6 Raa8 31. g4 hxg4 32. fxg4 Nh6 33. Nf3 Kh7 34. Ne5 Qc7
35. Kg3 Ra7 36. Nxc6 bxc6 37. Rxb8 Qxa5 38. Qxh6+ 1-0

[Event "Mondiale Lampo FIDE 2022"]
[Site "Alma Ata"]
[Date "30.12.2022"]
[Round "21.21"]
[White "Andriasian, Zaven"]
[Black "Quparadze, Giga"]
[Result "1-0"]
[WhiteTitle ""]
[BlackTitle ""]
[WhiteElo "2580"]
[BlackElo "2470"]
[WhiteFideId "13302000"]
[BlackFideId "13602250"]
[EventDate "29.12.2022"]

1. e4 c5 2. Nf3 e6 3. d3 Nc6 4. Nbd2 d6 5. g3 g6 6. h4 h5 7. Bg2 Bg7 8. c3 e5 9.
Nc4 Be6 10. Ng5 Bxc4 11. dxc4 Qe7 12. O-O Nf6 13. Qd3 O-O 14. Rb1 a5 15. b3 b6
16. a3 Rac8 17. Rd1 Rfd8 18. Bh3 Ra8 19. Qe2 Ne8 20. Be3 Nc7 21. Rd3 Rab8 22.
Rbd1 b5 23. cxb5 Nxb5 24. a4 Nc7 25. Qc2 Ne8 26. Bf1 Nf6 27. R3d2 Rd7 28. Bc4
Nd8 29. Bb5 Rc7 30. Rxd6 Ng4 31. Rd7 Rxd7 32. Rxd7 Nxe3 33. fxe3 Qf6 34. Bc4 Bh6
35. Nxf7 Bxe3+ 36. Kg2 Kf8 37. Qe2 Bf4 38. gxf4 exf4 39. Nxd8 Qxh4 40. Rf7+ Ke8
41. Bb5+ 1-0

[Event "Mondiale Lampo FIDE 2022"]
[Site "Alma Ata"]
[Date "30.12.2022"]
[Round "21.22"]
[White "Sanal, Vahap"]
[Black "Riazantsev, Alexander"]
[Result "0-1"]
[WhiteTitle ""]
[BlackTitle ""]
[WhiteElo "2597"]
[BlackElo "2626"]
[WhiteFideId "6300545"]
[BlackFideId "4125029"]
[EventDate "29.12.2022"]

1. Nf3 d5 2. b3 Nf6 3. Bb2 c5 4. e3 a6 5. d4 Nc6 6. Be2 Bf5 7. O-O e6 8. Nbd2
Rc8 9. a3 cxd4 10. exd4 h6 11. c4 Be7 12. c5 a5 13. Ne5 Nxe5 14. dxe5 Nd7 15. b4
b6 16. Bb5 bxc5 17. Qa4 c4 18. Bd4 Qc7 19. bxa5 f6 20. Bb6 Qb7 21. Nf3 Bc5 22.
Bxc5 Rxc5 23. Nd4 fxe5 24. a6 Qc7 25. a7 Kf7 26. Nxf5 Nb6 27. Qb4 exf5 28. a4 d4
29. Rfc1 c3 30. Qb3+ Kf6 31. a5 Nd5 32. Bd3 Qxa7 33. Rab1 Rxa5 34. Bc4 Rd8 35.
h4 Rc5 36. Ra1 Qc7 37. Ra6+ Rc6 38. Ra4 Nb6 39. Ra6 Nxc4 40. Qxc4 Rdd6 41. Rxc6
Qxc6 42. Qg8 Kg6 43. h5+ Kxh5 44. Qxg7 Rg6 45. Qf7 Qxg2# 0-1

[Event "Mondiale Lampo FIDE 2022"]
[Site "Alma Ata"]
[Date "30.12.2022"]
[Round "21.23"]
[White "Tsydypov, Zhamsaran"]
[Black "Tang, Andrew"]
[Result "0-1"]
[WhiteTitle ""]
[BlackTitle ""]
[WhiteElo "2534"]
[BlackElo "2540"]
[WhiteFideId "4108566"]
[BlackFideId "2059630"]
[EventDate "29.12.2022"]

1. d4 d5 2. Nc3 Nf6 3. Bf4 e6 4. e3 Bd6 5. Nf3 a6 6. Ne5 b5 7. Bd3 Bb7 8. a3
Nbd7 9. Bg3 Qe7 10. f4 Ne4 11. Nxe4 dxe4 12. Be2 O-O 13. c4 f6 14. Nxd7 Qxd7 15.
Qb3 Rab8 16. Qa2 c5 17. Rd1 Qe7 18. dxc5 Bxc5 19. Bf2 b4 20. a4 b3 21. Qxb3 Bc6
22. Qc2 Qb7 23. Rb1 Qb4+ 24. Kf1 Bxa4 25. Qc1 Bb3 26. g3 Rbd8 27. Be1 Qb6 28.
Bf2 Rd7 29. Kg2 Rfd8 30. Ra1 Rd2 31. Re1 Rc2 32. Qb1 Rdd2 33. Kf1 Bxc4 0-1